000 02057nam a2200325 i 4500
003 DO-SdBNP
005 20250407121055.0
007 ta
008 240212b1959 ag ||||| |||| 00| 0 spa d
040 _aDO-SdBNP
_bspa
_cBNPHU
_erda
041 _aspa
082 4 _a346.44
_bM476L
_222
100 1 _aMazeaud, Henri,
_d1900-1993
_eautor
_968262
_4aut.
240 _a Leçons de droit civil.
_lEspañol
245 1 0 _aLecciones de derecho civil /
_cHenri Mazeaud, León Mazeaud, Jean Mazeaud ; traducción, Luis Alcalá-Zamora y Castillo
264 4 _aBuenos Aires :
_bEditora Jurídicas Europa-América,
_c©1959.
300 _a4 volúmenes en 16 ;
_c21 cm.
336 _atexto
_btxt
_2rdacontent
337 _asin mediación
_bn
_2rdamedia
338 _avolumen
_bnc
_2rdacarrier
500 _aLa traducción de esta obra se realiza bajo la dirección y la responsabilidad del profesor Santiago Sentís Melendo
505 _gVolumen 1 --
_tParte primera --
_tIntroducción al estudio del derecho privado, derecho objetivo y derechos subjetivos --
_gVolumen 2 --
_tParte Primera --
_tLos sujetos de derechos, Las personas --
_gVolumen 2.
_tParte Segunda --
_tResponsabilidad civil. Los cuasicontratos --
_gVolumen 2.
_tParte Tercera --
_tGarantías (continuación) . Publicidad inmobiliaria --
_gVolumen 3 --
_t Parte Primera --
_tLa familia. Constitución de la familia --
_gVolumen 3 --
_tParte segunda --
_tCumplimiento. Extinción y transmisión de las obligaciones --
_gVolumen 3 --
_tParte tercera --
_tLos principales contratos --
_gVolumen 4 --
_tParte Primera --
_tLa familia. Organización de la familia -- Disolución y disgregación de la familia --
_gVolumen 4 --
_tParte tercera --
_tLos principales contratos (continuación)
590 _aInventariado, 2024/BT
650 7 _aDerecho civil
_zFrancia
_987298
700 1 _aMazeaud, León
_984899
_eautor
_4aut.
700 1 _aMazeaud, Jean
_eautor
_968263
_4aut.
700 1 _aAlcalá-Zamora y Castillo, Luis,
_etraductor
_968264
_4tr.
910 _aBtavárez/Validado. Control de calidad MFF
942 _2ddc
_cLBS1
999 _c55910
_d55910